000 00807nam a2200265 i 4500
001 000007218
003 DO-SdBNP
005 20250507152043.0
007 ta
008 090907s1975 dr a 001 0 spa d
040 _aDO-SdBNP
_bspa
_cBNPHU
_erda
082 _a343.076
_bR426L
_222
111 _aRepública Dominicana. [Leyes, etc.]
_983899
245 1 0 _aLey de fomento agrícola No. 6186 /
264 _aSanto Domingo :
_bBanco Agrícola de la República,
_c1975
300 _a77, 38 páginas ;
_c23 cm.
336 _2rdacontent
_atexto
_btxt
337 _2rdamedia
_asin mediación
_bn
338 _2rdacarriaer
_avolumen
_bnc
590 _aInventariado, 2023 / DG
650 4 _aLey no. 6186
_983900
651 0 _aDerecho agrario
_zRepública Dominicana
_987700
910 _aDG
942 _2ddc
_cLBS1
999 _c54344
_d54344